000 00505nam a2200193Ia 4500
005 20240823051908.0
008 240823s9999||||xx |||||||||||||| ||und||
020 _a81-239-1329-X
041 _aENGLISH
082 _A624.1834 P1
100 _aU.S.Department of the Interior Water and Power Resources Services
245 0 _aConcrete Manual
250 _a8th
260 _c2001
_b"CBS Publishers & Distributors,New "
500 _aYES
650 _aConcrete
_bCivil
942 _cBK
999 _c220617
_d220617